000 00624cam a22001814a 4500
020 _a0764541137 (PAPER/WEBSITE)
040 _cDLC
082 0 0 _a796 WIL 2004 A086 Or.
100 1 _aImahara, Grant,
245 1 0 _aKickin' bot :
_ban illustrated guide to building combat robots /
260 _aHoboken, NJ :
_bWiley,
_cc2004.
300 _axxii, 506 p. :
_bill. ;
_c24 cm.
650 0 _aRobots
856 4 2 _uhttp://www.loc.gov/catdir/bios/wiley046/2003020215.html
856 4 2 _uhttp://www.loc.gov/catdir/description/wiley041/2003020215.html
856 4 1 _uhttp://www.loc.gov/catdir/toc/ecip048/2003020215.html
942 _cEK
999 _c11674
_d11674